| 000 | 00915nam a22001815i 4500 | ||
|---|---|---|---|
| 001 | 155179 | ||
| 003 | ES-MaACL | ||
| 005 | 20230906210002.0 | ||
| 008 | 040726s1861 it |||| | ita d | ||
| 040 |
_aCAM _bspa _cCAM |
||
| 100 | 1 |
_aHegel, Carlo. _9127829 |
|
| 245 | 1 | 0 |
_aStoria della costituzione dei municipi italiani dal dominio romano fino al cadere del secolo XII _b: con appendidi intorno alle cittá fracesi e tedesche / _cdel Dr. Carlo Hegel. |
| 250 |
_a1ª ed. italiana _baccresciuta di una giunta sulle condizioni municipali di Roma nel X secolo del Dr. Guglielmo Giesebrecht e preceduta da una introduzione del prof. Fr. Conti. |
||
| 260 |
_aMilano ; _aTorino : _bCasa editrice italiana di Maurizio Guigoni, _c1861 ( _ftip. giá Boniotti diretta da F. Gareffi) |
||
| 300 |
_aXXXII, 717 p. ; _c23 cm. |
||
| 651 | 4 |
_aItalia- _xMunicipios- _xHistoria. _9137239 |
|
| 852 |
_aES-MaACL _jF-8713 _z-- Enc. hol. |
||
| 999 |
_c155179 _d155179 |
||